<?xml version="1.0" encoding="UTF-8"?>
<collection xmlns="http://www.loc.gov/MARC21/slim">
 <record>
  <leader>01058pamaa2200277   4500</leader>
  <controlfield tag="001">0000046527</controlfield>
  <controlfield tag="005">20130815090000.0</controlfield>
  <controlfield tag="008">100118                             eng  </controlfield>
  <datafield tag="020" ind1="0" ind2="0">
   <subfield code="a">9780443100284 </subfield>
  </datafield>
  <datafield tag="090" ind1="0" ind2="0">
   <subfield code="a">RM184.5 </subfield>
   <subfield code="b">ATL 2008</subfield>
  </datafield>
  <datafield tag="240" ind1="0" ind2="0">
   <subfield code="a">Atlas Akupunktur</subfield>
  </datafield>
  <datafield tag="245" ind1="1" ind2="0">
   <subfield code="a">Atlas of acupuncture  </subfield>
   <subfield code="c">edited by Claudia Focks; </subfield>
   <subfield code="f">with contributions from Ulrich Marz and Ingolf Hosbach; </subfield>
   <subfield code="f">with contributions from Ulrich Marz and Ingolf Hosbach; </subfield>
   <subfield code="f">translated by Johanna Schuster.</subfield>
  </datafield>
  <datafield tag="250" ind1="0" ind2="0">
   <subfield code="a">1st ed.; </subfield>
   <subfield code="d">published in English.</subfield>
  </datafield>
  <datafield tag="260" ind1="0" ind2="0">
   <subfield code="a">Edinburgh ; New York, </subfield>
   <subfield code="c">Churchill Livingstone/Elsevier, </subfield>
   <subfield code="c">2008.</subfield>
  </datafield>
  <datafield tag="300" ind1=" " ind2=" ">
   <subfield code="a">ix, 732 p.: </subfield>
   <subfield code="b">col. ill.; </subfield>
   <subfield code="c">30 cm.</subfield>
  </datafield>
  <datafield tag="500" ind1="0" ind2="0">
   <subfield code="a">Translated from German</subfield>
  </datafield>
  <datafield tag="501" ind1="0" ind2="0">
   <subfield code="a">FMHS</subfield>
  </datafield>
  <datafield tag="504" ind1="0" ind2="0">
   <subfield code="a">Includes bibliographical references and index</subfield>
  </datafield>
  <datafield tag="650" ind1="0" ind2="0">
   <subfield code="a">Acupuncture -- </subfield>
   <subfield code="x">Atlases </subfield>
  </datafield>
  <datafield tag="650" ind1="0" ind2="0">
   <subfield code="a">Acupuncture Therapy -- </subfield>
   <subfield code="x">Atlases </subfield>
  </datafield>
  <datafield tag="650" ind1="0" ind2="0">
   <subfield code="a">Acupuncture Points -- </subfield>
   <subfield code="x">Atlases </subfield>
  </datafield>
  <datafield tag="650" ind1="0" ind2="0">
   <subfield code="a">Acupuncture points -- </subfield>
   <subfield code="x">Atlases </subfield>
  </datafield>
  <datafield tag="700" ind1="1" ind2="1">
   <subfield code="a">Focks, </subfield>
   <subfield code="h">Claudia </subfield>
  </datafield>
  <datafield tag="700" ind1="1" ind2="1">
   <subfield code="a">Marz, </subfield>
   <subfield code="h">Ulrich </subfield>
  </datafield>
  <datafield tag="700" ind1="1" ind2="1">
   <subfield code="a">Hosbach, </subfield>
   <subfield code="h">Ingolf </subfield>
  </datafield>
  <datafield tag="901" ind1=" " ind2=" ">
   <subfield code="u">www.</subfield>
  </datafield>
 </record>
</collection>
